000 00691nam a2200181 a 4500
003 0
005 20250515074508.0
008 970101s19uu xx 00 eng d
050 _aPHS BX 1795.C4
_b.B34 2004
100 _aBago, Angeline N.
245 _aPerceptions of Roman Catholic Seminarians and Nuns on the vow of Celibacy /
_cAngeline N. Bago.
260 _aLas PiƱas City, Philippines :
_bSouthville International School and Colleges,
_c2004.
300 _aunnumbered pages :
_billustrations ;
_c28 cm.
504 _aIncludes bibliographical references.
650 _aCelibacy
_xReligious aspects
_vCatholic Church.
650 _aVows (Religious)
_xCatholic Church.
942 _2lcc
_cPASS
999 _c97081
_d97081